|
|
|
|
| LEADER |
01318nam a2200313 a 4500 |
| 001 |
1633184 |
| 003 |
BD-DhAAL |
| 005 |
20230608122944.0 |
| 008 |
090708s1996 pau b 001 0 eng d |
| 010 |
|
|
|a 96005604
|
| 020 |
|
|
|a 0812233158 (hardcover : alk. paper)
|
| 020 |
|
|
|a 0812215540 (pbk. : alk. paper)
|
| 040 |
|
|
|a DLC
|c DLC
|d DLC
|d BD-DhAAL
|
| 082 |
0 |
0 |
|a 305.4/0973
|2 20
|
| 100 |
1 |
|
|a Dow, Bonnie J.
|9 54549
|
| 245 |
1 |
0 |
|a Prime-time feminism :
|b television, media culture, and the women's movement since 1970 /
|c Bonnie J. Dow.
|
| 260 |
|
|
|a Philadelphia :
|b University of Pennsylvania Press,
|c c1996.
|
| 300 |
|
|
|a xxvi, 240 pages ;
|c 24 cm.
|
| 490 |
1 |
|
|a Feminist cultural studies, the media, and political culture
|
| 504 |
|
|
|a Includes bibliographical references (p. [219]-234) and index.
|
| 541 |
1 |
|
|e 00018807
|
| 650 |
|
0 |
|a Women on television.
|9 10729
|
| 650 |
|
0 |
|a Television and women
|z United States.
|9 54550
|
| 650 |
|
0 |
|a Feminism
|z United States.
|
| 830 |
|
|
|a Feminist cultural studies, the media, and political culture
|9 54551
|
| 852 |
4 |
|
|a Ayesha Abed Library
|j General Shelf.
|
| 942 |
|
|
|2 ddc
|c BK
|
| 999 |
|
|
|c 2326
|d 2326
|
| 952 |
|
|
|0 0
|1 0
|2 ddc
|4 0
|6 305_400000000000000_0973_DOW
|7 0
|9 2151
|a BIGD
|b BIGD
|c GEN
|d 2009-07-13
|l 0
|o 305.40973 DOW
|p 3050018807
|r 2009-07-13
|t 1
|w 2009-07-13
|y BK
|x Transfer from BDI to BIGD.
|